书目信息 |
| 题名: |
孙子释证
|
|
| 作者: | 刘文后 著 | |
| 分册: | 第一册 | |
| 出版信息: | 北京 中国书店 不详 |
|
| 页数: | 全一册 | |
| 开本: | 17*12.5cm | |
| 丛书名: | ||
| 单 册: | ||
| 中图分类: | E892.2 | |
| 科图分类: | ||
| 主题词: | 兵法--古代 , 作战方法--古代 | |
| 电子资源: | ||
| ISBN: | ||
| 000 | 00692nam0 2200241 450 | |
| 001 | 0631893249 | |
| 005 | 20061024085615.04 | |
| 010 | @b线装@dCNY28.00(全套) | |
| 100 | @a20061024d km y0chiy0120 ea | |
| 101 | 0 | @achi |
| 200 | 1 | @a孙子释证@h第一册@Asun zi shi zheng@f(梁)刘文后著@F(liang)liu wen hou zhu |
| 205 | @a影印本 | |
| 210 | @a北京@c中国书店@d不详 | |
| 215 | @a全一册@d17*12.5cm | |
| 300 | @a第一至第五册为一函,共一函,线装 | |
| 300 | @a民国宽於一天下室藏版 | |
| 305 | @a本书为北京市中国书店影印本 | |
| 606 | 0 | @a兵法@x古代 |
| 606 | 0 | @a作战方法@x古代 |
| 690 | @aE892.2@v3 | |
| 701 | 0 | @a刘文后@Aliu wen hou@4著 |
| 801 | 0 | @aCN@bPFT@c20061024 |
| 905 | @a10447@dE892.2@e2:1 | |
| 孙子释证.第一册/(梁)刘文后著.-影印本.-北京:中国书店,不详 |
| 全一册;17*12.5cm |
| 第一至第五册为一函,共一函,线装.-民国宽於一天下室藏版 |
| ISBN (线装):CNY28.00(全套) |
| ● |
| 相关链接 |
|
|
|
|
正题名:孙子释证
索取号:E892.2/2:1
 
预约/预借
| 序号 | 登录号 | 条形码 | 馆藏地/架位号 | 状态 | 备注 |
| 1 | 0222885 | 202374643 | 古籍典藏专区/ [索取号:E892.2/2:1] | 在馆 |